000 00483nam a2200169Ia 4500
999 _c26960
_d26960
003 OSt
005 20211116142301.0
008 190216s9999||||xx |||||||||||||| ||und||
040 _coclc
082 _a894.8121
_bKES/K
100 _aKesava Pillai, K G
_98908
245 0 _aKesaveeyam /
_cKesava Pillai K G
260 _bPoorna Publication,
_c1985.
_aKozhikode:
300 _a110p
650 _aKavithkal
942 _cBK
_2ddc
_h894.8121
_iKES/K
_k894.8121
_mKES/K